| 000 | 01216cam a22003614i 4500 | ||
|---|---|---|---|
| 003 | PE-LiUPU | ||
| 005 | 20250731183413.0 | ||
| 008 | 181114s2014 sp a r 000 0 spa d | ||
| 020 | _a9788490540145 | ||
| 020 | _a8490540144 | ||
| 035 | _a(Sirsi) a250649 | ||
| 049 | _aPRUA | ||
| 082 | 0 | 4 |
_a728.0222 _bB84 _220 |
| 100 | 1 |
_aBroto, Xavier, _eautor. |
|
| 245 |
_aIdeas para espacios reducidos / _cXavier Broto. |
||
| 264 |
_aBarcelona : _bLinksBooks, _c2014. |
||
| 300 |
_a239 páginas : _bilustraciones ; _c27 centímetros. |
||
| 336 |
_text _2rdacontent |
||
| 337 |
_unmediated _2rdamedia |
||
| 338 |
_volume _2rdacarrier |
||
| 505 | 0 | _aIdeas para espacios reducidos. | |
| 526 | _aP158 | ||
| 526 | _aP146 | ||
| 526 | _aP17 | ||
| 526 | _aP12 | ||
| 526 | _aP06 | ||
| 541 | _g002-00000605; | ||
| 910 |
_adbm _bksl _cksl _d20181114 |
||
| 942 |
_2ddc _cBOOK |
||
| 994 |
_aC0 _bPEPRU |
||
| 596 | _a1 | ||
| 999 |
_a728.0222 B84 _wDEWEY _c30130 _i79240 _d30130 _f2021-11-30 _g4 _lCCODEBUL1 _mBUL _p46.16 _q1 _r0 _sY _tBOOK _u2018-11-14 _xINGENIERIA _PP06 _0COMPRA _1FCOMPR2 _o.STAFF. Colección Ingeniería y Arquitectura |
||
| 980 |
_81 _gALBERTO SANCHEZ Responsable de Automatización |
||